[Event "Dortmund"]
[Site "Dortmund"]
[Date "1980.??.??"]
[Round "3"]
[White "Keene, Raymond D"]
[Black "Cuartas, Carlos"]
[Result "1-0"]
[WhiteElo "2460"]
[BlackElo "2420"]

1.d4 Nf6 2.c4 g6 3.Nc3 Bg7 4.e4 d6 5.f3 b6 6.Bg5 c5 7.d5 h6 8.Be3 a6 9.a4 e6
10.Qd2 exd5 11.cxd5 Nbd7 12.Nh3 Ne5 13.Nf2 Ra7 14.Be2 Re7 15.O-O g5 16.Rab1 a5
17.f4 gxf4 18.Bxf4 Ng6 19.Be3 Ne5 20.Rbe1 Nfg4 21.Nxg4 Nxg4 22.Bxg4 Bxg4
23.Bf4 Bd4+ 24.Kh1 Be5 25.Nb5 Bh5 26.Na3 f6 27.Bxe5 fxe5 28.Rf6 Rf7 29.Re6+ Kd7
30.Nc4 Rhf8 31.Rxd6+ Kc7 32.Rg1 Qh4 33.Qxh6 Qf2 34.Rc6+ Kb7 35.Rxb6+ Ka7
36.Ra6+ Kb8 37.Qd6+ Rc7 38.Ra8+ Kxa8 39.Qxc7  1-0

[Event "Dortmund"]
[Site "Dortmund"]
[Date "1980.??.??"]
[Round "3"]
[White "Hug, Werner"]
[Black "Hess, Ralf"]
[Result "1-0"]
[WhiteElo "2455"]
[BlackElo "2420"]

1.e4 e5 2.Nf3 Nc6 3.Bc4 Nf6 4.d3 Be7 5.O-O d6 6.c3 O-O 7.Bb3 Nd7 8.Nbd2 Bf6
9.Re1 g6 10.Nf1 Nc5 11.Bc2 Ne6 12.Bh6 Bg7 13.Bxg7 Kxg7 14.d4 Nf4 15.Ne3 f6
16.g3 Nh3+ 17.Kg2 Bd7 18.Ng1 Qc8 19.Nxh3 Bxh3+ 20.Kg1 h5 21.f4 h4 22.g4 exf4
23.Qf3 fxe3 24.Qxh3 Nd8 25.Rxe3 Ne6 26.Qxh4 c5 27.e5 Qd8 28.Rh3 Rh8 29.Qxh8+ Qxh8
30.Rxh8 Rxh8 31.exd6 cxd4 32.Re1 Ng5 33.Re7+ Kh6 34.d7 Rd8 35.cxd4 Nf3+ 36.Kg2 Nxd4
37.Be4 b6 38.h4 f5 39.g5+ Kh5 40.Kh3  1-0

[Event "Dortmund"]
[Site "Dortmund"]
[Date "1980.??.??"]
[Round "3"]
[White "Chandler, Murray G"]
[Black "Segal, Alexandru Sorin"]
[Result "0-1"]
[WhiteElo "2450"]
[BlackElo "2415"]

1.d4 Nf6 2.c4 c5 3.d5 e5 4.Nc3 d6 5.e4 Be7 6.g3 a6 7.a4 O-O 8.h4 Ne8 9.Bh3 Nd7
10.Nge2 Rb8 11.Qd3 b6 12.Kf1 Nc7 13.Kg2 Nf6 14.Bxc8 Qxc8 15.f3 Qd7 16.g4 b5
17.b3 bxc4 18.bxc4 h5 19.Ng3 hxg4 20.Ra2 Rb3 21.Nf5 Nce8 22.fxg4 Nxe4 23.Qxe4 Rxc3
24.g5 g6 25.Nh6+ Kg7 26.Bd2 f5 27.Qe2 Rb3 28.Qe1 f4 29.Bc3 Nf6 30.gxf6+ Bxf6
31.h5 Rh8 32.hxg6 Rxh6 33.Rxh6 Kxh6 34.Kh1 Qf5 35.g7 Kxg7  0-1

[Event "Dortmund"]
[Site "Dortmund"]
[Date "1980.??.??"]
[Round "5"]
[White "Keene, Raymond D"]
[Black "Ciocaltea, Victor"]
[Result "1/2-1/2"]
[WhiteElo "2460"]
[BlackElo "2435"]

1.d4 Nf6 2.c4 e6 3.Nf3 b6 4.g3 Bb7 5.Bg2 Bb4+ 6.Bd2 Bxd2+ 7.Qxd2 O-O 8.Nc3 Ne4
9.Nxe4 Bxe4 10.O-O a5 11.Rfd1 Na6 12.Rac1 f5 13.Ne1 Bxg2 14.Nxg2 Qe7 15.Nf4 g5
16.Nd3  1/2-1/2

[Event "Dortmund"]
[Site "Dortmund"]
[Date "1980.??.??"]
[Round "5"]
[White "Hug, Werner"]
[Black "Bellon Lopez, Juan Manuel"]
[Result "1/2-1/2"]
[WhiteElo "2455"]
[BlackElo "2430"]

1.e4 c6 2.d3 d5 3.Nd2 g6 4.Ngf3 Bg7 5.g3 Nh6 6.Bg2 O-O 7.O-O f6 8.c3 Nf7
9.d4 e5 10.Re1 Na6 11.dxe5 fxe5 12.Nb3 b6 13.exd5 cxd5 14.Nxe5 Bxe5 15.Rxe5 Nxe5
16.Qxd5+ Qxd5 17.Bxd5+ Be6 18.Bxe6+ Kg7 19.Be3 Rae8 20.Bh3 Nc7 21.Nd4 Nc4
22.Bf4 Rxf4 23.gxf4 Nxb2 24.f5 Nd5 25.fxg6  1/2-1/2

[Event "Dortmund"]
[Site "Dortmund"]
[Date "1980.??.??"]
[Round "6"]
[White "Podzielny, Karl Heinz"]
[Black "Hug, Werner"]
[Result "1/2-1/2"]
[WhiteElo "2375"]
[BlackElo "2455"]

1.Nf3 Nf6 2.d4 d6 3.g3 g6 4.Bg2 Bg7 5.O-O O-O 6.c4 c6 7.Nc3 Bg4 8.h3 Bxf3
9.Bxf3 Nbd7 10.e4 e5 11.Be3 Qc7 12.d5 c5 13.Be2 Rae8 14.g4 Kh8 15.Bd3 Ng8
16.Qd2 a6 17.Kg2 Ne7 18.a3 f5 19.f3 Bf6 20.b4 Bh4 21.Rab1 Rf7 22.Qb2 Ref8
23.Ne2 f4 24.Bg1 h5 25.Bc2 hxg4 26.hxg4 Nc8 27.Nc1 b6 28.Nd3 Kg8 29.a4 a5
30.bxa5 bxa5 31.Bh2 Qd8 32.Rh1 Rh7 33.Bg1 Rff7 34.Nf2 Bg3 35.Rxh7 Rxh7 36.Qb5 Ndb6
37.Bd3 Ra7 38.Kf1 Qd7 39.Nd1 Qxb5 40.axb5 Kf7 41.Nc3 g5 42.Ra1 Ke7 43.Ra3 Kd7
44.Ne2 Bh4 45.Nc1 a4 46.Na2 Kc7 47.Nc3 Ne7 48.Nd1 Ra8 49.Nb2 Nec8 50.Bc2 Ra5
51.Ke2 Bg3 52.Bd3 Ra8  1/2-1/2

[Event "Dortmund"]
[Site "Dortmund"]
[Date "1980.??.??"]
[Round "7"]
[White "Hug, Werner"]
[Black "Lobron, Eric"]
[Result "1/2-1/2"]
[WhiteElo "2455"]
[BlackElo "2335"]

1.g3 d5 2.Bg2 c6 3.d3 Nf6 4.Nd2 e5 5.Ngf3 Bd6 6.O-O O-O 7.e4 Bg4 8.h3 Bh5
9.b3 Re8 10.Bb2 Nbd7 11.Re1 Bc7 12.Qc1 Bxf3 13.Nxf3 d4 14.a3 Nc5 15.h4  1/2-1/2

[Event "Dortmund"]
[Site "Dortmund"]
[Date "1980.??.??"]
[Round "10"]
[White "Portisch, Ferenc"]
[Black "Ciocaltea, Victor"]
[Result "1/2-1/2"]
[WhiteElo "2470"]
[BlackElo "2435"]

1.d4 Nf6 2.c4 c5 3.d5 e5 4.Nc3 d6 5.e4 Be7 6.Bd3 a6 7.h3 O-O 8.Nf3 Nbd7 9.g4 Rb8
10.a4 Ne8 11.Qe2 Nc7 12.Rg1 Nf6 13.g5 Nfe8 14.h4 g6 15.Nh2 Ng7 16.Ng4 Kh8
17.Bd2 Nce8 18.Nh6 f6 19.Qf3 Nh5  1/2-1/2

[Event "Dortmund"]
[Site "Dortmund"]
[Date "1980.??.??"]
[Round "10"]
[White "Hug, Werner"]
[Black "Keene, Raymond D"]
[Result "1/2-1/2"]
[WhiteElo "2455"]
[BlackElo "2460"]

1.g3 g6 2.Bg2 d5 3.Nf3 Bg7 4.d4 Nf6 5.O-O O-O 6.c3 c6 7.Nbd2 Bf5 8.Qb3 Qc7
9.Ne5 Nbd7 10.Nxd7 Qxd7 11.Re1 Rfe8 12.e4 dxe4 13.Nxe4  1/2-1/2

[Event "Dortmund"]
[Site "Dortmund"]
[Date "1980.??.??"]
[Round "11"]
[White "Hess, Ralf"]
[Black "Portisch, Ferenc"]
[Result "0-1"]
[WhiteElo "2420"]
[BlackElo "2470"]

1.d4 Nf6 2.c4 g6 3.Nc3 Bg7 4.e4 d6 5.f3 O-O 6.Nge2 Nc6 7.Bg5 a6 8.Qd2 Re8
9.Rd1 Rb8 10.d5 Ne5 11.Ng3 c6 12.dxc6 bxc6 13.c5 Qa5 14.cxd6 exd6 15.Be2 d5
16.b3 Nh5 17.Nb1 Qxd2+ 18.Nxd2 Nxg3 19.hxg3 a5 20.Kf1 a4 21.exd5 cxd5 22.Rh4 axb3
23.axb3 Nc6 24.Bd3 Nb4 25.Bf4 Nxd3 26.Bxb8 Ba6 27.Ra4 Bb5 28.Nc4 dxc4  0-1